[Event "Manizales Feria op 29th"]
[Site "Manizales"]
[Date "2024.01.07"]
[Round "5"]
[White "Gutierrez, Jhon Jaime"]
[Black "Vargas, Mauricio"]
[Result "1/2-1/2"]
[WhiteElo "1733"]
[BlackElo "1958"]
[PlyCount "98"]
[EventDate "2024.01.05"]
[EventType "swiss"]
[EventRounds "7"]
[EventCountry "COL"]
[SourceTitle "CB02_2024"]
[SourceDate "2024.01.10"]
[SourceVersion "1"]
[SourceVersionDate "2024.01.10"]
[SourceQuality "1"]

1. d4 Nf6 2. e3 g6 3. Bd3 Bg7 4. Nd2 d6 5. e4 e5 6. d5 c6 7. c4 0-0 8. Ngf3 Nh5 9. g3 Qe8 10. 0-0 f5 11. Re1 f4 12. Nh4 fxg3 13. fxg3 Bf6 14. Ndf3 Bg4 15. Be2 Qe7 16. Be3 Nd7 17. b4 c5 18. bxc5 Nxc5 19. Bxc5 dxc5 20. a4 Rf7 21. Ng2 Raf8 22. Nd2 Bh3 23. Bxh5 gxh5 24. Qxh5 Bg5 25. Qxh3 Bxd2 26. Rf1 Bc3 27. Nh4 Bd4+ 28. Kh1 Bxa1 29. Rxa1 Rf2 30. Nf5 Qg5 31. Rf1 Rxf1+ 32. Qxf1 Rf6 33. d6 Qd2 34. Qf3 Kf8 35. Qg4 Rf7 36. Qh4 Ke8 37. Qg4 Kf8 38. Qh4 Ke8 39. Qg4 Qc1+ 40. Kg2 Qxc4 41. Ne3 Qa2+ 42. Kh3 Rf2 43. Qc8+ Kf7 44. Qxb7+ Kg6 45. Ng4 Qe6 46. Qc7 Qa2 47. Qb7 h5 48. Nxf2 Qxf2 49. Qe7 Qf1+ 1/2-1/2

[Event "Manizales Feria op 29th"]
[Site "Manizales"]
[Date "2024.01.07"]
[Round "4"]
[White "Torres, Jorge Emilio"]
[Black "Gutierrez, Jhon Jaime"]
[Result "1-0"]
[WhiteElo "1999"]
[BlackElo "1733"]
[PlyCount "25"]
[EventDate "2024.01.05"]
[EventType "swiss"]
[EventRounds "7"]
[EventCountry "COL"]
[SourceTitle "CB02_2024"]
[SourceDate "2024.01.10"]
[SourceVersion "1"]
[SourceVersionDate "2024.01.10"]
[SourceQuality "1"]

1. d4 e6 2. Nf3 c5 3. e3 Nf6 4. Bd3 g6 5. b3 cxd4 6. Nxd4 a6 7. 0-0 Bg7 8. Ba3 Bf8 9. Bxf8 Kxf8 10. Nc3 b6 11. Qf3 Ra7 12. Qf4 Kg7 13. Qxb8 1-0

[Event "Manizales Feria op 29th"]
[Site "Manizales"]
[Date "2024.01.05"]
[Round "1"]
[White "Alzate Herrera, Juan Jose"]
[Black "Gutierrez, Jhon Jaime"]
[Result "0-1"]
[WhiteElo "1437"]
[BlackElo "1733"]
[PlyCount "26"]
[EventDate "2024.01.05"]
[EventType "swiss"]
[EventRounds "7"]
[EventCountry "COL"]
[SourceTitle "CB02_2024"]
[SourceDate "2024.01.10"]
[SourceVersion "1"]
[SourceVersionDate "2024.01.10"]
[SourceQuality "1"]

1. e4 e6 2. Nc3 d5 3. exd5 exd5 4. d4 c6 5. Nf3 f5 6. Be3 Nf6 7. a3 Bd6 8. Bd3 0-0 9. Nd2 Ng4 10. Qf3 f4 11. h3 fxe3 12. Qd1 exd2+ 13. Kf1 Ne3+ 0-1

[Event "Manizales op 28th"]
[Site "Manizales"]
[Date "2023.01.08"]
[Round "6"]
[White "Gutierrez, Jhon Jaime"]
[Black "Calle, Edwin Fernando"]
[Result "0-1"]
[WhiteElo "1720"]
[BlackElo "1890"]
[PlyCount "57"]
[EventDate "2023.01.05"]
[EventType "swiss"]
[EventRounds "8"]
[EventCountry "COL"]
[SourceTitle "CBM 212 Extra"]
[Source "ChessBase"]
[SourceDate "2023.03.31"]
[SourceVersion "1"]
[SourceVersionDate "2023.03.31"]
[SourceQuality "1"]

1. d4 Nf6 2. e3 d5 3. Bd3 c5 4. c3 Nc6 5. f4 Bg4 6. Nf3 e6 7. 0-0 Bd6 8. a3 a5 9. Nbd2 0-0 10. Qe1 cxd4 11. cxd4 Qb6 12. Ne5 Bf5 13. Bb1 Rfc8 14. h3 Ne7 15. Ba2 Qa6 16. g4 Bg6 17. Nxg6 hxg6 18. Bb1 Rc7 19. Nf3 Rac8 20. Bd2 b6 21. Bc3 Ne4 22. Bxe4 dxe4 23. Ng5 Rxc3 24. bxc3 Qd3 25. Rd1 Qc4 26. Nxe4 Bxa3 27. Rb1 Nd5 28. Ng5 Qxc3 29. Qh4 0-1

[Event "Manizales Americas op"]
[Site "Manizales"]
[Date "2022.10.16"]
[Round "5"]
[White "Gomez Diaz, Hector Javier"]
[Black "Gutierrez, Jhon Jaime"]
[Result "1-0"]
[WhiteElo "1550"]
[BlackElo "1722"]
[PlyCount "65"]
[EventDate "2022.10.14"]
[EventType "swiss"]
[EventRounds "8"]
[EventCountry "COL"]
[SourceTitle "CBM 210 Extra"]
[Source "ChessBase"]
[SourceDate "2022.11.30"]
[SourceVersion "1"]
[SourceVersionDate "2022.11.30"]
[SourceQuality "1"]

1. d4 d5 2. Bf4 c6 3. e3 e6 4. c3 f5 5. h3 Nf6 6. Nf3 Bd6 7. Ne5 0-0 8. Be2 Qc7 9. Nd2 Nbd7 10. Ndf3 Ne4 11. Nxd7 Bxd7 12. Bxd6 Qxd6 13. Ne5 f4 14. exf4 Rxf4 15. Bf3 Raf8 16. Qe2 c5 17. 0-0 cxd4 18. cxd4 a6 19. Rfe1 Bc8 20. Qe3 Qb6 21. Rac1 Nd6 22. Rxc8 Nxc8 23. Nd7 Qd6 24. Nxf8 Kxf8 25. Bxd5 Ne7 26. Bxb7 Rxd4 27. Qxe6 Qxe6 28. Rxe6 a5 29. Re2 h6 30. b3 Nf5 31. Re5 Nd6 32. Rd5 Rxd5 33. Bxd5 1-0

[Event "Manizales op 27th"]
[Site "Manizales"]
[Date "2022.01.09"]
[Round "7"]
[White "Gutierrez, Jhon Jaime"]
[Black "Abella, Alfonso"]
[Result "1-0"]
[WhiteElo "1733"]
[BlackElo "1636"]
[PlyCount "53"]
[EventDate "2022.01.06"]
[EventType "swiss"]
[EventRounds "8"]
[EventCountry "COL"]
[SourceTitle "CBM 206 Extra"]
[Source "ChessBase"]
[SourceDate "2022.03.31"]
[SourceVersion "1"]
[SourceVersionDate "2022.03.31"]
[SourceQuality "1"]

1. d4 d5 2. e3 Bf5 3. Bd3 Bg6 4. f4 e6 5. Nf3 Nf6 6. 0-0 Nbd7 7. c4 c6 8. Nc3 Bd6 9. Ne5 Qe7 10. a4 Ne4 11. a5 f5 12. a6 Nxe5 13. fxe5 Bb4 14. Qb3 b6 15. cxd5 exd5 16. Nxd5 cxd5 17. Qxd5 Rd8 18. Bb5+ Kf8 19. Qxe4 Qe6 20. d5 Qe7 21. Ra4 Bd6 22. e6 Kg8 23. Qf3 Qc7 24. Rc4 Qb8 25. h3 h5 26. Rc6 Bc5 27. e7 1-0

[Event "COL Subzt 2.3.4"]
[Site "Risarald"]
[Date "2021.11.23"]
[Round "1"]
[White "Prasca Sosa, Rafael Felipe"]
[Black "Gutierrez, Jhon Jaime"]
[Result "1-0"]
[WhiteElo "2364"]
[BlackElo "1785"]
[PlyCount "111"]
[EventDate "2021.11.23"]
[EventType "swiss"]
[EventRounds "9"]
[EventCountry "COL"]
[SourceTitle "CBM 205 Extra"]
[Source "ChessBase"]
[SourceDate "2022.01.31"]
[SourceVersion "1"]
[SourceVersionDate "2022.01.31"]
[SourceQuality "1"]

1. e4 e6 2. d4 d5 3. Nd2 f5 4. e5 c5 5. c3 Nc6 6. Ngf3 a6 7. Bd3 cxd4 8. cxd4 Nge7 9. Nb3 Ng6 10. h4 Be7 11. g3 0-0 12. Ng5 h6 13. Nh3 Bb4+ 14. Kf1 Nce7 15. h5 Nh8 16. Nf4 Nf7 17. a3 Ba5 18. Ng6 Re8 19. Nxe7+ Rxe7 20. g4 Bb6 21. gxf5 exf5 22. Qf3 Qd7 23. a4 Qe6 24. Rg1 Nh8 25. Bd2 Bd7 26. Kg2 Rc8 27. Kh2 Rf7 28. Qf4 Kh7 29. Rg3 Bd8 30. Nc5 Rxc5 31. dxc5 Bg5 32. Qb4 Bxd2 33. Qxd2 Qxe5 34. f4 Qe7 35. Re1 Qxc5 36. Re5 Rf6 37. Qe3 Qd6 38. Qd4 Be6 39. Re1 Bf7 40. Qe5 Bxh5 41. Qxd6 Rxd6 42. Bxf5+ Bg6 43. Re6 Rxe6 44. Bxe6 Be4 45. f5 h5 46. Rb3 g5 47. Rxb7+ Kh6 48. Rb8 g4 49. Rxh8+ Kg5 50. Kg3 d4 51. Rg8+ Kf6 52. Kf4 Bc2 53. Rg6+ Ke7 54. Ke5 d3 55. f6+ Kd8 56. f7 1-0

[Event "Pereira Easter op"]
[Site "Pereira"]
[Date "2021.04.03"]
[Round "4"]
[White "Gutierrez, Jhon Jaime"]
[Black "Bejarano, Danny Andres"]
[Result "0-1"]
[WhiteElo "1809"]
[BlackElo "2067"]
[PlyCount "85"]
[EventDate "2021.04.01"]
[EventType "swiss"]
[EventRounds "7"]
[EventCountry "COL"]
[SourceTitle "EXT 2022"]
[Source "ChessBase"]
[SourceDate "2021.10.06"]
[SourceVersion "1"]
[SourceVersionDate "2021.10.06"]
[SourceQuality "1"]

1. d4 Nf6 2. e3 e6 3. Bd3 b6 4. f4 Ba6 5. Nf3 g6 6. 0-0 Bg7 7. c3 0-0 8. Bxa6 Nxa6 9. Qe2 Qc8 10. e4 c5 11. e5 Ne8 12. Be3 d6 13. Nbd2 Nac7 14. Ne4 Nd5 15. dxc5 dxc5 16. Rad1 f5 17. Neg5 h6 18. Nh3 Nec7 19. Bc1 Rd8 20. Nh4 Kh7 21. g4 Qa6 22. Qg2 Ne7 23. Kh1 Rxd1 24. Rxd1 Qxa2 25. gxf5 gxf5 26. Qf3 Qa4 27. Rg1 Qc6 28. Rd1 Qxf3+ 29. Nxf3 Ncd5 30. c4 Nb4 31. Nf2 Nec6 32. Rd6 Re8 33. Bd2 Bf8 34. Rd7+ Re7 35. Rxe7+ Bxe7 36. Kg2 Nc2 37. Nd1 N2d4 38. Ne1 Nb3 39. Bc3 a6 40. Nd3 b5 41. cxb5 axb5 42. Ne3 c4 43. Be1 0-1

[Event "Coliseo Department-ch"]
[Site "Coliseo"]
[Date "2020.12.12"]
[Round "3"]
[White "Zuluaga Mancilla, Cesar"]
[Black "Gutierrez, Jhon Jaime"]
[Result "1-0"]
[WhiteElo "2266"]
[BlackElo "1809"]
[PlyCount "45"]
[EventDate "2020.12.11"]
[EventType "swiss"]
[EventRounds "7"]
[EventCountry "COL"]
[SourceTitle "EXT 2022"]
[Source "ChessBase"]
[SourceDate "2021.10.06"]
[SourceVersion "1"]
[SourceVersionDate "2021.10.06"]
[SourceQuality "1"]

1. d4 d5 2. Nf3 Nf6 3. c4 dxc4 4. Nc3 e6 5. e3 c5 6. Bxc4 cxd4 7. exd4 Be7 8. 0-0 0-0 9. Qe2 a6 10. a4 Nc6 11. Rd1 Qc7 12. Bg5 Nb4 13. Rac1 Qa5 14. Ne5 Rd8 15. Qf3 Rb8 16. Bf4 b5 17. axb5 axb5 18. Bb3 Bb7 19. Qh3 Rbc8 20. Nxf7 Kxf7 21. Qxe6+ Kg6 22. Qxe7 Rd7 23. Bf7+ 1-0

[Event "Manizales op 26th"]
[Site "Manizales"]
[Date "2017.01.08"]
[Round "9"]
[White "Obando Guzman, Soren Federico"]
[Black "Gutierrez, Jhon Jaime"]
[Result "1-0"]
[WhiteElo "2023"]
[BlackElo "1900"]
[PlyCount "77"]
[EventDate "2017.01.04"]
[EventType "swiss"]
[EventRounds "9"]
[EventCountry "COL"]
[SourceTitle "CBM 176 Extra"]
[Source "ChessBase"]
[SourceDate "2017.03.02"]
[SourceVersion "1"]
[SourceVersionDate "2017.03.02"]
[SourceQuality "1"]

1. d4 d5 2. c4 e6 3. Nf3 f5 4. g3 Nf6 5. Bg2 c6 6. 0-0 Bd6 7. b3 0-0 8. Bb2 Nbd7 9. Nbd2 Ne4 10. e3 Qf6 11. Ne1 Qh6 12. Nd3 g5 13. Nf3 f4 14. Nfe5 Ndf6 15. exf4 gxf4 16. Nxf4 Bd7 17. Nxd7 Nxd7 18. Qg4+ Kf7 19. Bxe4 dxe4 20. d5 Bxf4 21. dxe6+ Qxe6 22. Qxf4+ Kg6 23. Qe3 Rf3 24. Qd4 Rg8 25. Rad1 Nf6 26. Rfe1 Re8 27. Qd6 Qg4 28. Re3 Re6 29. Qd2 h5 30. Rde1 h4 31. Bxf6 Kxf6 32. Rxf3+ Qxf3 33. Qh6+ Kf7 34. Qh7+ Ke8 35. Qxh4 a5 36. Re3 Qd1+ 37. Kg2 Qd4 38. Qh5+ Kd7 39. Qxa5 1-0

[Event "Manizales op 26th"]
[Site "Manizales"]
[Date "2017.01.06"]
[Round "5"]
[White "Londono Lopez, Donaldo Eliuver"]
[Black "Gutierrez, Jhon Jaime"]
[Result "1-0"]
[WhiteElo "1538"]
[BlackElo "1900"]
[PlyCount "61"]
[EventDate "2017.01.04"]
[EventType "swiss"]
[EventRounds "9"]
[EventCountry "COL"]
[SourceTitle "CBM 176 Extra"]
[Source "ChessBase"]
[SourceDate "2017.03.02"]
[SourceVersion "1"]
[SourceVersionDate "2017.03.02"]
[SourceQuality "1"]

1. e4 e6 2. d4 d5 3. Nc3 f5 4. exd5 exd5 5. Nf3 Nf6 6. Bg5 Be7 7. Ne5 0-0 8. Bd3 c6 9. 0-0 Qb6 10. Re1 Bd6 11. Bxf6 Rxf6 12. Qh5 Nd7 13. Bxf5 Nf8 14. Bxc8 Rxc8 15. Qg4 Rd8 16. Nd3 Qc7 17. g3 Ng6 18. Kf1 Rdf8 19. Re2 Ne7 20. Rae1 Rg6 21. Qh3 Nf5 22. Ne5 Rgf6 23. Qg4 h5 24. Qxh5 Rh6 25. Qg4 Rxh2 26. Ng6 Nxg3+ 27. Kg1 Nxe2+ 28. Rxe2 Rf6 29. Re8+ Bf8 30. Nxf8 Rxf8 31. Qe6+ 1-0

[Event "Manizales op 26th"]
[Site "Manizales"]
[Date "2017.01.04"]
[Round "1"]
[White "Gutierrez, Jhon Jaime"]
[Black "Nino Penaloza, Cesar Gerardo"]
[Result "0-1"]
[WhiteElo "1900"]
[BlackElo "1600"]
[PlyCount "60"]
[EventDate "2017.01.04"]
[EventType "swiss"]
[EventRounds "9"]
[EventCountry "COL"]
[SourceTitle "CBM 176 Extra"]
[Source "ChessBase"]
[SourceDate "2017.03.02"]
[SourceVersion "1"]
[SourceVersionDate "2017.03.02"]
[SourceQuality "1"]

1. d4 d5 2. e3 Nf6 3. Bd3 e6 4. f4 Ne4 5. Nf3 Be7 6. 0-0 0-0 7. Nbd2 f5 8. c3 Nd7 9. Ne5 Ndf6 10. Ndf3 c5 11. Qe1 c4 12. Bc2 Qe8 13. b3 b5 14. a4 Bd7 15. axb5 Bxb5 16. bxc4 dxc4 17. Bb2 a5 18. Nd2 Nxd2 19. Qxd2 a4 20. Ba3 Ra6 21. Rfb1 Bxa3 22. Rxa3 Qe7 23. Rb4 Nd5 24. Rxb5 Qxa3 25. Nxc4 Qxc3 26. Qxc3 Nxc3 27. Rc5 a3 28. Na5 a2 29. Nb3 a1Q+ 30. Nxa1 Rxa1+ 0-1

[Event "Manizales-ch"]
[Site "Manizales"]
[Date "2016.09.10"]
[Round "7"]
[White "Riascos, Sixto Tulio"]
[Black "Gutierrez, Jhon Jaime"]
[Result "1-0"]
[WhiteElo "1610"]
[BlackElo "1859"]
[PlyCount "71"]
[EventDate "2016.09.05"]
[EventType "swiss"]
[EventRounds "9"]
[EventCountry "COL"]
[SourceTitle "CBM 174 Extra"]
[Source "ChessBase"]
[SourceDate "2016.10.10"]
[SourceVersion "1"]
[SourceVersionDate "2016.10.10"]
[SourceQuality "1"]

1. d4 e6 2. c4 d5 3. Nf3 f5 4. Nc3 c6 5. Qb3 Nf6 6. Bg5 Bd6 7. e3 0-0 8. Bd3 Qe8 9. 0-0-0 Ne4 10. Qc2 Nd7 11. c5 Bc7 12. Bf4 e5 13. Bxe4 fxe4 14. Nxe5 Bxe5 15. dxe5 Nxe5 16. h4 Nd3+ 17. Rxd3 exd3 18. Qxd3 Bf5 19. Qe2 b6 20. Bd6 Rf7 21. g4 Bd7 22. f4 bxc5 23. Bxc5 a5 24. h5 Qc8 25. g5 Bf5 26. Rg1 Qb7 27. a3 Bd7 28. Qc2 Qa6 29. Qa4 Re8 30. Qd4 Bf5 31. Re1 Qc8 32. Qa4 Qd7 33. Qxa5 Qb7 34. Qb4 Qa6 35. Rg1 Re6 36. Qb8+ 1-0

[Event "Manizales Castro Memorial"]
[Site "Manizales"]
[Date "2015.12.18"]
[Round "3"]
[White "Leon Acevedo, Juan Alejandro"]
[Black "Gutierrez, Jhon Jaime"]
[Result "1-0"]
[WhiteElo "1559"]
[BlackElo "1771"]
[PlyCount "38"]
[EventDate "2015.12.17"]
[EventType "swiss"]
[EventRounds "7"]
[EventCountry "COL"]
[SourceTitle "CBM 170 Extra"]
[Source "ChessBase"]
[SourceDate "2016.02.25"]
[SourceVersion "1"]
[SourceVersionDate "2016.02.25"]
[SourceQuality "1"]

1. c4 e6 2. Nc3 d5 3. cxd5 exd5 4. Nf3 f5 5. g3 Nf6 6. Bg2 c6 7. 0-0 Bd6 8. d3 0-0 9. Re1 Na6 10. e4 fxe4 11. dxe4 dxe4 12. Nxe4 Nxe4 13. Rxe4 Bc5 14. Qb3+ Kh8 15. Bg5 Bxf2+ 16. Kh1 Qb6 17. Qc3 Bf5 18. Re7 Rg8 19. Bh6 Be4 1-0

[Event "Villamaria Nacional U2200"]
[Site "Villamaria"]
[Date "2015.12.05"]
[Round "3.5"]
[White "Gonzalez Valencia, Alejandro"]
[Black "Gutierrez, Jhon Jaime"]
[Result "1-0"]
[WhiteElo "1765"]
[BlackElo "1771"]
[PlyCount "143"]
[EventDate "2015.12.04"]
[EventType "swiss"]
[EventRounds "7"]
[EventCountry "COL"]
[SourceTitle "EXT 2024"]
[Source "ChessBase"]
[SourceDate "2023.10.10"]
[SourceVersion "1"]
[SourceVersionDate "2023.10.10"]
[SourceQuality "1"]

1. e4 e6 2. d4 d5 3. Nc3 c6 4. Nf3 f5 5. exf5 exf5 6. Bd3 Nf6 7. Bg5 Bd6 8. 0-0 0-0 9. Qd2 Qc7 10. Bxf6 Rxf6 11. Rae1 Nd7 12. Re8+ Nf8 13. Rfe1 Rb8 14. Ne5 Bd7 15. Nxd7 Qxd7 16. Rxb8 Bxb8 17. Qe3 Ne6 18. Bxf5 Rxf5 19. Qxe6+ Qxe6 20. Rxe6 Kf7 21. Re2 Bd6 22. g3 g5 23. Kg2 h5 24. Nb1 h4 25. Nd2 hxg3 26. fxg3 c5 27. Nb3 b6 28. h3 a6 29. Rf2 Kg6 30. Rxf5 Kxf5 31. Kf3 c4 32. Nd2 b5 33. g4+ Ke6 34. Nf1 Bf4 35. Ne3 a5 36. b3 a4 37. Nf5 Bc1 38. bxa4 bxa4 39. Ke2 Kd7 40. Kd1 Bf4 41. c3 Kc6 42. Kc2 a3 43. Ne7+ Kd6 44. Nc8+ Kc7 45. Na7 Kb6 46. Nc8+ Kc7 47. Ne7 Kd6 48. Nf5+ Kc6 49. h4 gxh4 50. Nxh4 Kd7 51. Ng2 Bg5 52. Kd1 Ke6 53. Ne1 Kf7 54. Nc2 Be7 55. Ke2 Ke6 56. Kf3 Bd6 57. g5 Kf5 58. Ne3+ Ke6 59. g6 Bf8 60. Kg4 Bg7 61. Nf5 Bf6 62. Kf4 Bd8 63. g7 Bc7+ 64. Kg4 Kf7 65. g8Q+ Kxg8 66. Ne7+ Kf7 67. Nxd5 Ba5 68. Kf5 Ke8 69. Ke6 Kd8 70. Kd6 Kc8 71. Kc5 Kd7 72. Kxc4 1-0

[Event "Villamaria Nacional U2200"]
[Site "Villamaria"]
[Date "2015.12.05"]
[Round "4.9"]
[White "Gutierrez, Jhon Jaime"]
[Black "Bravo, Juan Eduardo"]
[Result "0-1"]
[WhiteElo "1771"]
[BlackElo "1738"]
[PlyCount "88"]
[EventDate "2015.12.04"]
[EventType "swiss"]
[EventRounds "7"]
[EventCountry "COL"]
[SourceTitle "EXT 2024"]
[Source "ChessBase"]
[SourceDate "2023.10.10"]
[SourceVersion "1"]
[SourceVersionDate "2023.10.10"]
[SourceQuality "1"]

1. d4 Nf6 2. e3 g6 3. f4 d6 4. Bd3 Bg7 5. Nf3 0-0 6. e4 c5 7. c3 Bg4 8. d5 e6 9. dxe6 Bxe6 10. Nbd2 Nc6 11. a3 Re8 12. 0-0 Qc7 13. Rb1 Ba2 14. Ra1 Be6 15. Qe1 Rad8 16. Kh1 Bf5 17. Ng5 h6 18. Nh3 Nxe4 19. Nxe4 Bxe4 20. Bxe4 d5 21. f5 Rxe4 22. Qd1 gxf5 23. Qh5 Qd6 24. Qxf5 Qe6 25. Qf3 Ne5 26. Qg3 Nc6 27. Bf4 d4 28. Rae1 Re8 29. Rxe4 Qxe4 30. Bxh6 Qg6 31. Bxg7 Qxg3 32. hxg3 Kxg7 33. cxd4 cxd4 34. Rf2 Re1+ 35. Kh2 Ne5 36. Rf4 d3 37. Nf2 Re2 38. Kg1 Re1+ 39. Kh2 d2 40. Rd4 Re2 41. Kg1 f5 42. b4 Re1+ 43. Kh2 Ng4+ 44. Nxg4 d1Q 0-1